000 01768cam a22004574i 4500
003 PE-LiUPU
005 20250731172909.0
008 170502s1953 miu r 001 0 eng d
035 _a(Sirsi) a167493
040 _aPE-LiUPU
_bspa
_cPE-LiUPU
_erda
049 _aPRUA
082 0 4 _a227
_bW95
_220
100 1 _aWuest, Kenneth Samuel,
_d1893-
_eautor.
245 1 0 _aEphesians and Colossians in the Greek New Testament for the English reader /
_cby Kenneth S. Wuest.
264 1 _aGrand Rapids, MI :
_bWm. B. Eerdmans,
_c1953.
300 _a251 páginas ;
_c20 centimetros
336 _atext
_2rdacontent
337 _aunmediated
_2rdamedia
338 _avolume
_2rdacarrier
504 _aÍndices: páginas 253-254.
505 0 _aThe exwgesis of Ephesians -- The expanded translation of Ephesians -- Colossian heresy --The exegesis translation of Colossians -- Scripture index.
526 _aSEG42
526 _aSEG41
526 _aSEG40
526 _aSEG39
526 _aP94
526 _aP87
526 _aP86
526 _aP85
526 _aP77
526 _aP76
526 _aP35
650 0 0 _aBiblia
_pEpístola
_vComentarios.
650 0 4 _aBiblia
_pColosenses
_vComentarios.
910 _ajck
_bjvq
_cjck
_d20170502.
942 _2ddc
_cBOOK
949 _a227.7 W95
_wDEWEY
_c1
_i75646
_lCATALOGING
_mBUL
_p39.00
_r0
_sY
_tBOOK
_u2017-05-02
_xTEOLOGIA
_zPOSGRADO TEOLOGÍA
_0COMPRA
_o.CIRCNOTE. El documento es de alto precio.
_o.STAFF. Colección Teología
596 _a1
999 _a227 W95
_wLC
_c16223
_i75646
_d16223
_f2021-11-9
_g4
_lCCODEBUL1
_mBUL
_p39.00
_r0
_sY
_tBOOK
_u2017-5-2
_xTEOLOGIA
_PP85
_0COMPRA
_o.STAFF. Colección Teología
980 _81
_gALBERTO SANCHEZ Responsable de Automatización